000
00194 a2200097 4500
001
2828
100
_a
Cowley, A
245
_a
Poetry and prose
260
_a
_b
Clarendon
_c
090
_c
2123
_d
2123
942
_a
NUST-CAE
_c
M
_c
12481
999
_c
237901
_d
237901